NHL Goal Songs - Statistics

General Stats
  • This quiz has been taken 25 times
  • The average score is 12 of 31
Answer Stats
Team Band Song % Correct
Ottawa Senators Blur Song 2
69%
Nashville Predators Tim McGraw I Like It I Love It (Predators Version)
63%
Calgary Flames AC/DC TNT
63%
Chicago Blackhawks The Fratellis Chelsea Dagger
56%
Buffalo Sabres DJ Kool Let Me Clear My Throat
56%
Florida Panthers Jimmy Eat World Sweetness
56%
Columbus Blue Jackets AC/DC For Those About To Rock
50%
New Jersey Devils The Gaslight Anthem Howl
50%
Boston Bruins Zombie Nation Kernkraft 400
50%
Pittsburgh Penguins Andrew W.K. Party Hard
50%
Vegas Golden Knights Panic! At The Disco Vegas Lights
50%
Toronto Maple Leafs Daryl Hall & John Oates You Make My Dreams
50%
New York Islanders Joe Satriani Crowd Chant
38%
Arizona Coyotes The Black Keys Howlin' For You
38%
Minnesota Wild House of Pain Jump Around
38%
Anaheim Ducks Pennywise Bro Hymn
31%
Detroit Red Wings Pitbull Celebrate
31%
Colorado Avalanche Planet Funk Chase the Sun
31%
San Jose Sharks 2 Unlimited Get Ready For This
31%
Edmonton Oilers Rev Theory Hell Yeah
31%
Dallas Stars Pantera Puck Off
31%
Carolina Hurricanes Petey Pablo Raise Up
31%
New York Rangers Ray Castoldi Slapshot
31%
Winnipeg Jets The Phantoms Gonna Celebrate
25%
Tampa Bay Lightning Mona Goons
25%
Los Angeles Kings Fred CouryLa Power Ride 2010
25%
St. Louis Blues Dan O'Neill When The Blues' Go Marching In
25%
Vancouver Canucks Van Halen Ain't Talking Bout Love
19%
Philadelphia Flyers JETBOY Feel The Shake
19%
Montreal Canadiens Antoine Becks Hey!
19%
Washington Capitals Cascada I Miss You
6%
No matching quizzes found
Score Distribution
Percent of People with Each Score
Percentile by Number Answered
Your Score History
You have not taken this quiz